| 000 | 01893 a2200277 4500 | ||
|---|---|---|---|
| 001 | 29655 | ||
| 005 | 20260407155606.0 | ||
| 008 | 260407a1987 arg spa d | ||
| 003 | AR-UNSa-BCEJYS | ||
| 040 |
_aAR-UNSa-BCEJYS _bspa _cAR-UNSa-BCEJYS |
||
| 080 |
_a336.226.3 _xImpuestos por el uso de los ingresos. Impuestos al consumo. IVA |
||
| 245 | 1 | 0 |
_aImpuesto al valor agregado _panálisis integral |
| 020 | _a950-9109-42-8 | ||
| 250 | _a3a. ed. | ||
| 264 | 1 |
_aBuenos Aires : _bTesis _c1987 |
|
| 300 |
_a589 p. _c22 cm. |
||
| 505 | _a1. Objeto del impuesto - 2. Sujetos pasivos del impuesto - 3. Nacimiento del hecho imponible - 4. Exenciones - 5. Tratamiento preferencial en función del destino - 6. Liquidación del gravamen por el régimen general (Base imponible) - 7. Liquidación del gravamen por el régimen general (Débito fiscal) - 8. Liquidación del gravamen por el régimen general (Crédito fiscal) - 9. Normas de transición para el computo del crédito fiscal - 10. Compra por habitualistas de bienes muebles usados a consumidores finales - 11. Comisionistas o consignatarios - 12. Régimen especial de las obras sobre inmuebles ajeno retribuida mediante una concesión - 13. Periodo fiscal de liquidación en el régimen general - 14. Las alícuotas del impuesto en el régimen general - 15. Saldos a favor en el régimen general - 16. Régimen de inscripción - 17. Responsables inscriptos.Sus obligaciones - 18. Régimen de facturación y registraciones contables - 19. Régimen especial para las exportaciones - 20. Disposiciones generales y transitorias - 21. Régimen simplificado - 22. Casos prácticos | ||
| 041 | _aspa | ||
| 942 | _cBK | ||
| 590 | _aniveau_biblio:m niveau_hierar:0 | ||
| 100 | 1 | _aMcEwan, Héctor | |
| 700 | 1 | _aChalupowicz, Israel | |
| 700 | 1 | _aLauria, Rúben A. | |
| 700 | 1 | _aDalmasio, Adalberto Raúl | |
| 700 | 1 | _aPaladino, Héctor | |
| 999 |
_c1928 _d1928 |
||